Engineering education in China; Иностранный язык в контексте проблем профессиональной коммуникации

Dades bibliogràfiques
Parent link:Иностранный язык в контексте проблем профессиональной коммуникации.— 2015.— [С. 133-134]
Autor principal: Wei Gao
Autor corporatiu: Национальный исследовательский Томский политехнический университет (ТПУ) Институт международного образования и языковой коммуникации (ИМОЯК) Кафедра междисциплинарная (МД), Национальный исследовательский Томский политехнический университет (ТПУ) Физико-технический институт (ФТИ) Кафедра иностранных языков физико-технического института (ИЯФТ)
Altres autors: Kosheleva E. Yu. Elena Yurievna (научный руководитель)
Sumari:Заглавие с титульного экрана
Idioma:anglès
Publicat: 2015
Col·lecció:Проблемы и перспективы инженерного образования в России и за рубежом
Matèries:
Accés en línia:http://earchive.tpu.ru/handle/11683/16505
http://www.lib.tpu.ru/fulltext/c/2015/C105/054.pdf
Format: MixedMaterials Electrònic Capítol de llibre
KOHA link:https://koha.lib.tpu.ru/cgi-bin/koha/opac-detail.pl?biblionumber=615855

MARC

LEADER 00000naa2a2200000 4500
001 615855
005 20231101132859.0
035 |a (RuTPU)RU\TPU\conf\14088 
035 |a RU\TPU\conf\14085 
090 |a 615855 
100 |a 20151125d2015 k y0rusy50 ba 
101 0 |a eng 
102 |a RU 
105 |a y z 101zy 
135 |a drcn ---uucaa 
181 0 |a i  
182 0 |a b 
200 1 |a Engineering education in China  |f Wei Gao  |g sci. ad. E. Yu. Kosheleva 
203 |a Текст  |c электронный 
225 1 |a Проблемы и перспективы инженерного образования в России и за рубежом 
230 |a 1 компьютерный файл (pdf; 104 Кb) 
300 |a Заглавие с титульного экрана 
320 |a [Библиогр.: с. 134 (2 назв.)] 
337 |a Adobe Reader 
463 0 |0 (RuTPU)RU\TPU\conf\13662  |t Иностранный язык в контексте проблем профессиональной коммуникации  |o материалы II Международной научной конференции , 27-29 апреля 2015 г., Томск  |f Национальный исследовательский Томский политехнический университет (ТПУ) ; Российский гуманитарный научный фонд (РГНФ)  |v [С. 133-134]  |d 2015 
610 1 |a труды учёных ТПУ 
610 1 |a электронный ресурс 
610 1 |a инженерное образование 
610 1 |a Китай 
700 0 |a Wei Gao 
702 1 |a Kosheleva  |b E. Yu.  |c Linguist  |c Associate Professor at Tomsk Polytechnic University, Candidate of Historical Sciences  |f 1977-  |g Elena Yurievna  |2 stltpush  |4 727 
712 0 2 |a Национальный исследовательский Томский политехнический университет (ТПУ)  |b Институт международного образования и языковой коммуникации (ИМОЯК)  |b Кафедра междисциплинарная (МД)  |h 3526  |2 stltpush  |3 (RuTPU)RU\TPU\col\19012 
712 0 2 |a Национальный исследовательский Томский политехнический университет (ТПУ)  |b Физико-технический институт (ФТИ)  |b Кафедра иностранных языков физико-технического института (ИЯФТ)  |h 6715  |2 stltpush  |3 (RuTPU)RU\TPU\col\18736 
801 2 |a RU  |b 63413507  |c 20210224  |g RCR 
856 4 |u http://earchive.tpu.ru/handle/11683/16505 
856 4 |u http://www.lib.tpu.ru/fulltext/c/2015/C105/054.pdf 
942 |c BK